| 000 | 00439nam a22001577a 4500 | ||
|---|---|---|---|
| 008 | 230328b |||||||| |||| 00| 0 eng d | ||
| 040 |
_aNational Science Library _cNational Science Library |
||
| 080 |
_aR 91(038) _bK6 |
||
| 245 | _aGlossary of geographical terms | ||
| 260 |
_aLondon: _bLongmans, _c1966 |
||
| 300 | _axxxi, 539p. | ||
| 650 | _aGeography | ||
| 653 | _aGlossary | ||
| 700 | _aStamp, SIr Dudley (Ed.) | ||
| 942 |
_2udc _cREF |
||
| 999 |
_c15923 _d15923 |
||